| 000 | 01074cam a2200229 4500 | ||
|---|---|---|---|
| 001 | ABS64108 | ||
| 008 | 000000n2001 000 0 eng u | ||
| 035 | _a(Sirsi) u113529 | ||
| 100 | _aGammage, D. | ||
| 245 | _aInvestors check in | ||
| 260 | _c2001 | ||
| 490 |
_aEstates Gazette _v(0124) 16 June 2001, 152-154(3) |
||
| 520 | _aAn article looking at the growing trend for hotel operators to enter sale and leaseback arrangements with property companies. By selling off their property assets operators have been able realise additional capital for the development and consolidation of their share of the market whilst property companies are well placed to ensure that returns on the properties, which offer enhanced residual values thanks to their long useful life, themselves are maximised. | ||
| 590 | _aABS | ||
| 650 | _aASSET MANAGEMENT | ||
| 650 | _aHOTELS | ||
| 650 | _aPROPERTY INVESTMENT | ||
| 650 | _aRESIDUAL VALUES | ||
| 650 | _aSALE AND LEASEBACK | ||
| 690 | _aPROPERTY-COMMERCIAL PROPERTY-COMMERCIAL PROPERTY FINANCE AND INVESTMENT | ||
| 942 | _n0 | ||
| 999 |
_c67623 _d67623 |
||